| 000 | 00714cam a22002414a 4500 | ||
|---|---|---|---|
| 001 | 14482286 | ||
| 003 | ARRUPE | ||
| 005 | 20161007102140.0 | ||
| 008 | 060721s2006 gw a b 001 0dger | ||
| 010 | _a 2006485773 | ||
| 020 | _a3938657014 (pbk.) | ||
| 035 | _a(GyWOH)har065010025 | ||
| 040 |
_aDLC _cDLC |
||
| 043 | _ae-gx--- | ||
| 050 | 0 | 0 |
_aQD22.K514 _bA43 2006 |
| 100 |
_aCoelho, Paulo _914925 |
||
| 245 | 0 | 4 |
_aDer Alchemist C : _bFolge den Traumen _cPaulo, Coelho |
| 260 |
_aMunchen : _bVerlag Peter Erd, _c1993 |
||
| 300 |
_a146 p. : _c22 cm. |
||
| 906 |
_a7 _bcbc _corigres _d3 _encip _f20 _gy-gencatlg |
||
| 942 |
_2lcc _cMONOGRAPH |
||
| 999 |
_c125442 _d125442 |
||